Random NBA Trivia - Statistics

General Stats
  • This quiz has been taken 2,378 times
    2,367 since last reset
  • The average score is 9 of 15
Answer Stats
Questions Answer % Correct
How many rings does Bill Russell? 11
99%
How many championships have the 76ers won? 2
98%
Who is the all time leader in career points? Kareem Abdul-Jabbar
95%
How many championships does Robert Horry have? 7
93%
How many teams has Matt Barnes played for? 10
76%
Who once averaged a triple double? Oscar Robertson
74%
How many points did Michael Jordan have in his flu game? 38
63%
Where is Kevin Garnett on the all-time blocks list? 17
61%
Steve Nash had ___ PPG in his best scoring season 19
57%
Who is the only player to have won 4 DPOY awards besides Ben Wallace? Dikembe Mutombo
40%
Who is the Hornets all-time leading scorer? Dell Curry
39%
Who is the only player not to play on the Celtics and have won three consecutive MVP awards? Wilt Chamberlain
38%
Who won the 87-88 Finals MVP James Worthy
33%
Who won the first DPOY award? Sidney Moncrief
17%
Who is the nuggets all-time leading rebounder? Dan Issel
10%
No matching quizzes found
Score Distribution
Percent of People with Each Score
Percentile by Number Answered
Your Score History
You have not taken this quiz since the last reset